Macroeconomic theory / (Record no. 67221)

MARC details
000 -LEADER
fixed length control field 00566nam a22001697a 4500
005 - DATE AND TIME OF LATEST TRANSACTION
control field 20120526132719.0
020 ## - INTERNATIONAL STANDARD BOOK NUMBER
International Standard Book Number 8125908056
Terms of availability 00
035 ## - SYSTEM CONTROL NUMBER
System control number B-10073
037 ## - SOURCE OF ACQUISITION
Stock number DPL
Source of stock number/acquisition ENG
100 ## - MAIN ENTRY--PERSONAL NAME
Personal name Vaish, M C
245 ## - TITLE STATEMENT
Title Macroeconomic theory /
Statement of responsibility, etc by M C Vaish
250 ## - EDITION STATEMENT
Edition statement 11th rev. ed.
260 ## - PUBLICATION, DISTRIBUTION, ETC. (IMPRINT)
Place of publication, distribution, etc New Delhi
Name of publisher, distributor, etc Vikas Publishing House
Date of publication, distribution, etc 2000
300 ## - PHYSICAL DESCRIPTION
Extent 688p.
Dimensions 20 cms.
942 ## - ADDED ENTRY ELEMENTS (KOHA)
Source of classification or shelving scheme Dewey Decimal Classification
Item type English Books
Classification part 339.3
Call number suffix VAI
Holdings
Withdrawn status Lost status Not for loan Collection code Home library Current library Date acquired Cost, normal purchase price Full call number Barcode Cost, replacement price Koha item type
      Non-fiction Sarojini Nagar Sarojini Nagar 26/05/2012 0.00 339.3 VAI B-10073 0.00 English Books

© Delhi Public Library
Hit Counter
free hit counter